Skúmanie závislostí vybraných charakteristík dominantnej podnikovej kultúry

Podniková kultúra a ostatné prvky podnikového systému. Podniková kultúra ako skúmaná oblasť. Metodika výskumu. Skúmané charakteristiky podnikovej kultúry a odvetvia, v ktorých boli skúmané. Skúmaná vzorka a jej charakteristika. Počet podnikov v skúmanej vzorke podľa odvetví. Štatistické hodnotenie z...

Descrizione completa

Salvato in:
Dettagli Bibliografici
Autore principale: Bašistová, Alena
Altri autori: Mizla, Martin, 1955-
Natura: Capitolo di libro
Lingua:slovacco
Soggetti:
Tags: Aggiungi Tag
Nessun Tag, puoi essere il primo ad aggiungerne!!

MARC

LEADER 00000naa$a2200000$$$4500
001 0010981
005 20221007085712.9
041 0 |a slo 
044 |a SK 
245 1 0 |a Skúmanie závislostí vybraných charakteristík dominantnej podnikovej kultúry  |c Alena Bašistová, Martin Mizla 
520 |a Podniková kultúra a ostatné prvky podnikového systému. Podniková kultúra ako skúmaná oblasť. Metodika výskumu. Skúmané charakteristiky podnikovej kultúry a odvetvia, v ktorých boli skúmané. Skúmaná vzorka a jej charakteristika. Počet podnikov v skúmanej vzorke podľa odvetví. Štatistické hodnotenie základných charakteristík podniku. Hodnotenie závislostí zmien. Zhrnutie výsledkov hodnotenia. 
610 2 0 |a kultúra podniková 
610 2 0 |a odvetvia činnosti ekonomickej 
610 2 0 |a skúmanie štatistické 
610 2 0 |a stimuly pracovné 
610 2 0 |a morálka pracovná 
610 2 0 |a podnik 
610 2 0 |a podnik malý 
100 1 |a Bašistová, Alena 
700 1 |a Mizla, Martin, 1955-